000 00315nam a2200133 i 4500
001 bg
100 1 _aWALIGÓRSKI, S.
245 0 _aLogo :
_bna Sinclair Spectrum /
_cS. Waligórski. Cz.2.
260 _aWarszawa,
_c1987.
040 _cBPK
041 _apol
942 _cKS
008 s pl f |000 0 pol
999 _c3453
_d3453
856 _uhttp://koha.tu.koszalin.pl/cgi-bin/koha/opac-detail.pl?biblionumber=3453
_yKatalog online BPK